Регионална библиотека "Любен Каравелов" - Русе

Микроорганизми - биоиндикатори и биодеградатори (Запис номер 1689)

MARC детайли
000 -Лидер
Контролно поле с фиксирана дължина 01449nam a2200349 c 4500
003 - Код на организацията, давaща контролен номер
Контролно поле BLK
005 - Дата и час на последна редакция
Контролно поле 20180420213419.0
008 - Елементи от данни с фиксирана дължина
fixed length control field 180412b bul|||||r ||||||| ||bul||
010 ## - Наследен системен номер
LC control number KNG00002565000
020 ## - Международен стандартен номер на книга ISBN
Международен стандартен номер на книга ISBN 954-07-0094-9
-- издат.: Унив. изд. Св. Климент Охридски
040 ## - Източник на каталожния запис
Идентификатор на билиотеката - собственик на записа BLK
041 ## - Код за език
Код за езика на текст/звукозапис или на отделно заглавие Български
Код за езика КДБФ Български
080 ## - УДК
Текстов определител УДК Приложна микробиология
УДК код - определител по УДК 579.6
УДК определител :502.5
УДК - код + определител 579.6:502.5
100 1# - Редна дума - Автор
Автор Влахов, Стоян Стефанов
Авторска отговорност първи автор
R(LIN) 244650
139 ## - Редно поле
Редна дума Влахов, Стоян Стефанов
Авторски знак Влах - В 73
245 10 - Сведения за заглавието
Заглавие Микроорганизми - биоиндикатори и биодеградатори
Подзаглавни данни Изследване
Редно поле (дума) Стоян Стефанов Влахов.
257 ## - Страна на издаване
Страна на създаване/издаване България
260 ## - Област на издателските данни
-- София
Име на издателя, разпространителя и проч. Унив. изд. Св. Климент Охридски
Година на издаване 1994
300 ## - Физическа характеристика
Страници 200 с.
Илюстрации и др. с табл., диагр., ил.
Размери/Мащаб 20 см
380 ## - Жанр
Жанр Естествени науки. Математика
500 ## - Общи забележки
Забележка 2 100 тир.
650 #4 - Допълнително описание по предмет – тема
Основно описание – тема или топоним Микроорганизми - роля за опазване на околната среда
9 (RLIN) 244651
650 #4 - Допълнително описание по предмет – тема
Основно описание – тема или топоним Околна среда - опазване
9 (RLIN) 244652
650 #4 - Допълнително описание по предмет – тема
Основно описание – тема или топоним Природа - защита
9 (RLIN) 244653
653 ## - Ключова дума – ненормативна
Ключова дума микроорганизми
653 ## - Ключова дума – ненормативна
Ключова дума околна среда
852 ## - Местоположение
Форматна сигнатура Цб 179099
856 4# - Електронен адрес и достъп
Електронен формат pdf - файл
Път до файла /url/
856 4# - Електронен адрес и достъп
Електронен формат pdf - файл
Път до файла /url/
942 ## - АРТИКУЛИ
Вид на библиотечния материал Книги
Скрит в OPAC Не
944 ## - СЪЗДАВАНЕ И РЕДАКЦИЯ на ЗАПИСА
Създаване/Редакция Създаване
Дата на регистрацията/редакция 15.01.2003
Служител, извършил регистрацията/редакцията Кети_Илиева
944 ## - СЪЗДАВАНЕ И РЕДАКЦИЯ на ЗАПИСА
Създаване/Редакция Редакция
Дата на регистрацията/редакция 14.09.2016
Служител, извършил регистрацията/редакцията Ирена_Линкова
999 ## - СИСТЕМНИ КОНТРОЛНИ НОМЕРА
Koha biblionumber 1689
Koha biblioitemnumber 1689
Наличности
Код за отписване Код за изгубен артикул Източник на класификационната схема Код за повреда Коз за рестрикции Код за отдаване Артикулен № Име на библиотеката - собственик Име на библиотеката, в която се намира в момента Статус (Текущо местоположение) Дата на вписване в системата Местоположение - отдел Цена в лева Инвентарен номер Систематично азбучна сигнатура Баркод Номер на екземпляра Цена в евро Служебна бележка Служебен тип на артикула
  Не е изгубен Universal Decimal Classification Не е повреден без рестрикции ползва се в читалня 3256 Регионална библиотека "Любен Каравелов" Русе Регионална библиотека "Любен Каравелов" Русе Хранилище 2001-01-01 Хранилище 1.30 603713 Цб 179099 120000603713 1 0.66 Дост: Dp Вид: Д N: стар фонд Дата: 01.01.2001 Дата инв: 12.08.2015 Бележки инв: Цб2015 Книги
  Не е изгубен Universal Decimal Classification Не е повреден без рестрикции заемане за дома 3257 Регионална библиотека "Любен Каравелов" Русе Регионална библиотека "Любен Каравелов" Русе Заемна - подръчен фонд 2001-01-01 Заемна - подръчен фонд 6.00 657711 П 579/В 73 120000657711 2 3.07 Дост: Pk Вид: Ф N: стар фонд Дата: 01.01.2001 Дата инв: 02.02.2018 Бележки инв: П2018 Книги
Изтеглен Не е изгубен Universal Decimal Classification Не е повреден без рестрикции заемане за дома 3258 Регионална библиотека "Любен Каравелов" Русе Регионална библиотека "Любен Каравелов" Русе Заемна - подръчен фонд 2001-01-01 Заемна - подръчен фонд 6.00 657714 П 579/В 73 657714 3 3.07 Дост: Pk Вид: Ф N: стар фонд Дата: 01.01.2001 Дата инв: 02.02.2018 Бележки инв: П2018 Книги
  Не е изгубен Universal Decimal Classification Не е повреден без рестрикции ползва се в читалня 3259 Регионална библиотека "Любен Каравелов" Русе Регионална библиотека "Любен Каравелов" Русе Читалня 2001-01-01 Читалня 6.00 657715 Ч 579/В 73 120000657715 4 3.07 Дост: Pk Вид: Ф N: стар фонд Дата: 01.01.2001 Дата инв: 16.03.2017 Бележки инв: Ч2017 Книги
Vip Innovations Ltd, Rousse, Bulgaria 2025